[Event "6th Agzamov Memorial"]
[Site "Tashkent UZB"]
[Date "2012.03.09"]
[Round "4"]
[White "Saiyn,Z"]
[Black "Ziatdinov,R"]
[Result "1/2-1/2"]
[WhiteElo "2181"]
[BlackElo "2368"]

1.d4 Nf6 2.c4 e6 3.Nf3 b6 4.Nc3 Bb7 5.Bg5 h6 6.Bh4 Bb4 7.Qb3 c5 8.a3 Bxc3+
9.Qxc3 cxd4 10.Nxd4 O-O 11.Nb5 Bc6 12.Bxf6 gxf6 13.Qg3+ Kh7 14.Nc7 Rg8 15.Qd6 f5
16.Nxa8 Bxa8 17.Rd1 Qc8 18.b3 b5 19.c5 Bc6 20.e3 Na6 21.b4 Nc7 22.Rd4 a6
23.Rg1 Nd5 24.Bd3 Rg6 25.Rxd5 Bxd5 26.Bxf5 Qh8 27.Bxg6+ Kxg6 28.f3 Qb2 29.h4 Qxa3
30.Kf2 Qxb4 31.Rd1 Qxh4+ 32.Kg1 Qg5 33.Kf2 Qh4+ 34.Kg1 Qg5 35.Kf2  1/2-1/2

[Event "ch-Moscow Final 2012"]
[Site "Moscow RUS"]
[Date "2012.03.16"]
[Round "7"]
[White "Korotylev,A"]
[Black "Balashov,Y"]
[Result "1-0"]
[WhiteElo "2574"]
[BlackElo "2449"]

1.d4 Nf6 2.c4 e6 3.Nf3 b6 4.Nc3 Bb7 5.a3 d5 6.cxd5 exd5 7.g3 Be7 8.Bg2 O-O
9.O-O c5 10.Bf4 Na6 11.Rc1 Re8 12.Qc2 h6 13.Rfd1 Qc8 14.dxc5 bxc5 15.e3 Qe6
16.Qb3 Qb6 17.Qxb6 axb6 18.g4 Rad8 19.h3 Bd6 20.Bxd6 Rxd6 21.Nd2 Rde6 22.Nf1 Nc7
23.Ng3 Bc6 24.Rd2 g6 25.Nge2 Ne4 26.Nxe4 dxe4 27.Nf4 Rf6 28.b4 cxb4 29.axb4 Na6
30.Rd4 b5 31.h4 Nb8 32.Ne2 Bd7 33.g5 hxg5 34.hxg5 Rf5 35.Ng3 Rxg5 36.Nxe4 Rxe4
37.Rxe4 Bc6 38.Rd4 Rxg2+ 39.Kf1 Kg7 40.Rd8 Rh2 41.Ke2 Rh8 42.Rxb8 Rxb8 43.Rxc6 f5
44.f4 Kh6 45.Kf3 Kh5 46.Rc5 Rb6 47.e4 Kh6 48.exf5 gxf5 49.Rxf5 Kg6 50.Ke4 Rb8
51.Re5 Kf6 52.Kd4  1-0

[Event "23rd Lenk Open"]
[Site "Lenk SUI"]
[Date "2012.04.08"]
[Round "6.5"]
[White "Huss,A"]
[Black "Schweizer,Simon"]
[Result "1-0"]
[WhiteElo "2304"]
[BlackElo "1974"]

1.d4 Nf6 2.c4 e6 3.Nf3 b6 4.Nc3 Bb4 5.Qc2 Bb7 6.a3 Bxc3+ 7.Qxc3 Ne4 8.Qc2 f5
9.e3 O-O 10.Bd3 c5 11.b4 Na6 12.Rb1 Rb8 13.O-O Qe7 14.Nd2 cxb4 15.Nxe4 b3
16.Rxb3 fxe4 17.Bxe4 Qh4 18.Bxb7 Rxb7 19.e4 Rc7 20.Rh3 Qe7 21.e5 g6 22.Bd2 Rfc8
23.Qa4 Nb8 24.Rc1 Nc6 25.c5 b5 26.Qxb5 Nxd4 27.Qa6 Rc6 28.Qf1 Rxc5 29.Rxc5 Qxc5
30.Re3 Qc2 31.Rd3 Nb3 32.Bh6 Nc5 33.Rf3 Rb8 34.h4 Qe4 35.h5 g5 36.Qc1 Qxe5
37.Bxg5 Rf8 38.Bf4 Nd3 39.Rg3+ Kf7 40.Rxd3  1-0

[Event "Karposh Open 2012"]
[Site "Skopje MKD"]
[Date "2012.04.09"]
[Round "4.15"]
[White "Pacher,M"]
[Black "Savic,Miod1"]
[Result "1-0"]
[WhiteElo "2402"]
[BlackElo "2518"]

1.d4 Nf6 2.c4 e6 3.Nf3 b6 4.Nc3 Bb7 5.a3 d6 6.e3 Nbd7 7.Bd3 g6 8.O-O Bg7
9.e4 e5 10.d5 O-O 11.b4 h6 12.Rb1 Nh5 13.Re1 Bc8 14.Bf1 Nhf6 15.Nd2 Ne8 16.Nb3 f5
17.exf5 gxf5 18.f4 Nef6 19.c5 bxc5 20.bxc5 Ne4 21.Nxe4 fxe4 22.c6 Nf6 23.fxe5 Ng4
24.e6 Qh4 25.h3 Qf2+ 26.Kh1 Qg3 27.Qxg4 Qxe1 28.Qxg7+ Kxg7 29.Bb2+ Kg6 30.Rxe1 Rb8
31.Bc4 Ba6 32.Bxa6 Rxb3 33.Bc1 Rc3 34.a4 Rc5 35.Ba3 Rxd5 36.Rxe4 Re8 37.Be2 Kf5
38.Re3 Re5 39.Bg4+ Kf4 40.Rf3+ Ke4 41.Rf7 h5 42.Bf3+ Ke3 43.Rxc7 d5  1-0

[Event "TCh-NED Meesterklasse 2011-12"]
[Site "Netherlands NED"]
[Date "2012.04.22"]
[Round "9.9"]
[White "Van Baarle,John"]
[Black "Van der Stricht,G"]
[Result "1/2-1/2"]
[WhiteElo "2212"]
[BlackElo "2365"]

1.d4 Nf6 2.c4 e6 3.Nf3 b6 4.Nc3 Bb7 5.a3 d5 6.cxd5 Nxd5 7.Qc2 Nxc3 8.bxc3 Nd7
9.e4 Be7 10.Bd3 c5 11.e5 Qc8 12.O-O cxd4 13.cxd4 Qxc2 14.Bxc2 Rc8 15.Bd3 O-O
16.Bg5 Bxg5 17.Nxg5 h6 18.Ne4 Bxe4 19.Bxe4 Rc4 20.Rad1 Nxe5 21.Rfe1 Rd8 22.d5 Kf8
23.f4 Ng4 24.Bf3 Nf6 25.dxe6 Rxd1 26.Bxd1 fxe6 27.Rxe6 Rc1 28.Re1 Nd5 29.Kf2 Nxf4
30.Kf3 Nd5 31.Kf2 Nc3 32.Bf3 Rxe1 33.Kxe1 Nb5 34.a4 Nd4 35.Bg4 Ke7 36.Kd2 Kd6
37.Kc3 Kd5 38.Kd3 Nb3 39.Bf3+ Kd6 40.Bd1 Nc5+ 41.Kd4 a6 42.Be2 Ne6+ 43.Ke4 g6
44.Bc4 Nc5+ 45.Kd4 g5 46.Be2 Ke6 47.Bg4+ Ke7 48.Be2 Kd6 49.Bc4 h5 50.Be2 g4
51.Bc4 Nxa4 52.Bxa6 Ke6 53.Bc8+ Kf6 54.Kc4 Ke5 55.g3 Nc5 56.Kb5 Ne4 57.Kxb6 Nd2
58.Bd7 Kf6 59.Kc5 Nf1 60.h3 Nxg3 61.Bxg4 hxg4  1/2-1/2

[Event "TCh-NED Meesterklasse 2011-12"]
[Site "Netherlands NED"]
[Date "2012.04.22"]
[Round "9.2"]
[White "Driessens,P"]
[Black "Werle,J"]
[Result "1/2-1/2"]
[WhiteElo "2311"]
[BlackElo "2544"]

1.d4 Nf6 2.c4 e6 3.Nf3 b6 4.Nc3 Bb7 5.a3 d5 6.cxd5 Nxd5 7.Qc2 Nxc3 8.bxc3 Be7
9.e4 c5 10.Bb2 Nd7 11.Bd3 Qc7 12.Qe2 O-O 13.O-O Rfe8 14.Rad1 Rac8 15.Qe3 cxd4
16.cxd4 Nf6 17.Ne5 Red8 18.f4 Nd7 19.Ng4 Nf6 20.Ne5 Nd7 21.Ng4 Nf6 22.Ne5 Nd7
23.Ng4  1/2-1/2

[Event "3rd LUC Open"]
[Site "Lille FRA"]
[Date "2012.04.24"]
[Round "2.71"]
[White "Duee,P"]
[Black "Podvin,Celine"]
[Result "0-1"]
[WhiteElo "1725"]
[BlackElo "1464"]

1.d4 Nf6 2.c4 e6 3.Nf3 b6 4.Nc3 Bb7 5.e3 c5 6.Be2 d5 7.O-O Be7 8.Qc2 O-O
9.Rd1 Nbd7 10.cxd5 Nxd5 11.Nxd5 Bxd5 12.e4 Bb7 13.d5 exd5 14.exd5 Nf6 15.d6 Bxd6
16.Bf4 Nd5 17.Bxd6 Qxd6 18.Qb3 Qe6 19.Bc4 Rad8 20.Re1 Qf6 21.Rad1 Nf4 22.Re5 Nh3+
23.Kf1 Rxd1+ 24.Qxd1 Bxf3 25.Qxf3 Qxe5 26.Qxh3 Re8 27.g3 Qe1+ 28.Kg2 Qe4+  0-1

[Event "ch-LAT 2012"]
[Site "Riga LAT"]
[Date "2012.04.30"]
[Round "2"]
[White "Stepins,E"]
[Black "Berzinsh,I"]
[Result "1-0"]
[WhiteElo "2082"]
[BlackElo "2219"]

1.d4 Nf6 2.Nf3 e6 3.c4 b6 4.Nc3 Bb4 5.Qc2 Bb7 6.e3 O-O 7.Bd2 d5 8.a3 Bxc3
9.Bxc3 Ne4 10.Bd3 f5 11.O-O Nd7 12.Nd2 Kh8 13.f3 Qg5 14.Rae1 Nxc3 15.Qxc3 c5
16.cxd5 cxd4 17.Qxd4 e5 18.f4 exd4 19.fxg5 Nc5 20.Bxf5 dxe3 21.Rxe3 Rad8
22.Be6 Rxf1+ 23.Kxf1 g6 24.Nf3 Bxd5 25.Bxd5 Rxd5 26.Re8+ Kg7 27.Re7+ Kg8
28.Rxa7 Ne4 29.Rb7 b5 30.h4 Nd6 31.Rd7 Kf8 32.Ke2 Ke8 33.Rxh7 Nc4 34.g4 Kf8
35.h5 Nxb2 36.Rh6 Rd6 37.Nh4 Nc4 38.hxg6 Rd2+ 39.Ke1 Kg8 40.Nf5 Rd8 41.Ne7+  1-0

[Event "ch-LAT 2012"]
[Site "Riga LAT"]
[Date "2012.05.04"]
[Round "8"]
[White "Meskovs,N"]
[Black "Putka,V"]
[Result "0-1"]
[WhiteElo "2319"]
[BlackElo "2293"]

1.d4 Nf6 2.Nf3 e6 3.c4 b6 4.Nc3 Bb7 5.e3 Bb4 6.Bd3 Ne4 7.Bd2 Nxd2 8.Qxd2 O-O
9.e4 c5 10.d5 exd5 11.cxd5 d6 12.O-O Nd7 13.a3 Bxc3 14.Qxc3 Re8 15.Rfe1 Rc8
16.Bb5 Re7 17.Nh4 g6 18.Re3 f6 19.Rg3 Kf7 20.Qe3 Qf8 21.Qe2 Rce8 22.Qg4 Rxe4
23.Qxd7+ R8e7 24.Qh3 Bc8 25.Nxg6 Re1+ 26.Rxe1 Rxe1+ 27.Bf1 hxg6 28.Qh7+ Qg7
29.Qxg7+ Kxg7 30.f4 Ba6 31.Rf3 f5 32.h3 Kf6 33.g3 Rb1 34.b4 Bc4 35.bxc5 bxc5
36.Rf2 Bxd5 37.Kh2 Be4  0-1

[Event "Torneio Nacional de Mestres 2012"]
[Site "Lisbon POR"]
[Date "2012.05.06"]
[Round "9.5"]
[White "Dias,P"]
[Black "Fernandes,Al"]
[Result "1-0"]
[WhiteElo "2454"]
[BlackElo "2129"]

1.d4 e6 2.c4 Nf6 3.Nc3 b6 4.Nf3 Bb4 5.Bg5 Bb7 6.e3 Bxc3+ 7.bxc3 h6 8.Bh4 g5
9.Bg3 Ne4 10.Bd3 d6 11.Qc2 f5 12.d5 exd5 13.cxd5 Bxd5 14.Nd4 Nd7 15.Nxf5 Ndc5
16.Bb5+ c6 17.Rd1 Kf7 18.Rxd5 cxd5 19.Bc6 Qf6 20.Bxd5+ Kg6 21.Nd4 Kg7 22.Bxe4 Nxe4
23.Qxe4 Rae8 24.Qd5 Rhf8 25.O-O Rxe3 26.Nf5+ Qxf5 27.Qxf5 Rxf5 28.fxe3  1-0

[Event "21st CRO-Cup"]
[Site "Sibenik CRO"]
[Date "2012.05.17"]
[Round "3.131"]
[White "Zecevic,Dea"]
[Black "Ikica,A"]
[Result "0-1"]
[WhiteElo "2275"]
[BlackElo "1995"]

1.d4 Nf6 2.Nf3 e6 3.c4 b6 4.Nc3 Bb4 5.a3 Bxc3+ 6.bxc3 Bb7 7.g3 O-O 8.Bg2 d6
9.O-O Nbd7 10.Re1 Qe7 11.Nd2 Bxg2 12.Kxg2 e5 13.e4 Qe6 14.f3 Ne8 15.d5 Qg6
16.Qc2 f5 17.exf5 Qxf5 18.Qxf5 Rxf5 19.g4 Rf7 20.Ne4 Nf8 21.a4 a5 22.Kg3 Nf6
23.Ng5 Re7 24.h4 h6 25.Ne4 Nxe4+ 26.Rxe4 Nd7 27.Ra2 Nc5 28.Ree2 Rf8 29.Be3 Ref7
30.Rf2 Nd3 31.Rf1 Nf4 32.Raf2 g6 33.Rh2 Kg7 34.Rd2 Kh7 35.Rff2 h5 36.g5 Kg7
37.Rd1 Rf5 38.Rdd2 Kf7 39.Rf1 Ke7 40.Rff2 Kd7 41.Rf1 Rc8 42.Rb1 Rcf8 43.Rf1 e4
44.Bd4 exf3 45.Bf6 Ne2+ 46.Kf2 Re8 47.Rd3 Nf4 48.Rxf3 Re2+ 49.Kg1 Rg2+ 50.Kh1 Rg4
51.R1f2 Rxh4+ 52.Rh2 Rxh2+ 53.Kxh2 h4 54.Bd4 Ke7 55.Be3 Nd3 56.Rxf5 gxf5
57.Bd4 Ne5 58.Kh3 Kf7 59.Kxh4 Kg6 60.Be3 Nxc4 61.Bc1 Ne5 62.Kg3 Nd3 63.Be3 Nb2
64.Kf3 Nxa4 65.Bd2 Nc5 66.c4 Ne4 67.Bc1 Nxg5+ 68.Kg3 Nf7  0-1

[Event "30th Liechtenstein Open 2012"]
[Site "Triesen LIE"]
[Date "2012.05.18"]
[Round "8.18"]
[White "Neuberger,G"]
[Black "Baumann,K2"]
[Result "0-1"]
[WhiteElo "2124"]
[BlackElo "1975"]

1.d4 Nf6 2.c4 e6 3.Nf3 b6 4.Nc3 Bb7 5.Bg5 h6 6.Bxf6 Qxf6 7.e4 Bb4 8.Bd3 O-O
9.O-O Bxc3 10.bxc3 d6 11.Qa4 Nc6 12.e5 dxe5 13.Be4 Na5 14.Bxb7 Nxb7 15.Nxe5 Qd8
16.f4 c5 17.Rad1 Qc7 18.f5 exf5 19.Rxf5 Nd6 20.Rf3 cxd4 21.cxd4 Rac8 22.c5 bxc5
23.Nd7 Rfd8 24.Nxc5 Ne8 25.Ra3 Qe7 26.Rf1 Nf6 27.Raf3 Qd6 28.Rf4 Rc7 29.g3 Nd5
30.Re4 Nf6 31.Rh4 Re7 32.Qc4 Rde8 33.Nd3 Nd5 34.Qc5 Qa6 35.Qxd5 Qxd3 36.Rhf4 Qe3+
37.Kg2 Qe2+ 38.R1f2 Qe6 39.Qh5 Rd8 40.Rd2 Rd5 41.Qf3 f6 42.Qb3 Kh7 43.Qd3+ Kg8
44.Rdf2 Kh8 45.Rb2 Kg8 46.Qg6 Rd8 47.h4 Qc6+ 48.Kh2 Re1 49.Rg2 Rde8 50.Rg4 Qd7
51.d5 Rd1 52.Rf4 Ree1 53.g4 Qxd5 54.h5 Rh1+ 55.Kg3 Rd3+ 56.Kf2 Qxa2+  0-1

[Event "21st CRO-Cup"]
[Site "Sibenik CRO"]
[Date "2012.05.20"]
[Round "6.93"]
[White "Malenica,M"]
[Black "Livaic,D"]
[Result "1/2-1/2"]
[WhiteElo "2230"]
[BlackElo "2064"]

1.d4 Nf6 2.c4 e6 3.Nf3 b6 4.Nc3 Bb7 5.g3 Be7 6.Bg2 O-O 7.O-O d6 8.Qc2 Nbd7
9.Rd1 Qc8 10.Bf4 c6 11.Rac1 Qc7 12.h3 Rad8 13.b4 e5 14.Be3 Rfe8 15.Qa4 Qb8
16.d5 cxd5 17.cxd5 a6 18.Qb3 Qa8 19.Ne1 Rc8 20.Bg5 Rc7 21.e4 Rec8 22.Nd3 Nxd5
23.Nxd5 Bxd5 24.Qxd5 Qxd5 25.Rxc7 Rxc7 26.exd5 Bxg5 27.h4 Be7 28.Bh3 Nf6
29.Nxe5 Nxd5 30.Rxd5 dxe5 31.Rxe5 Bxb4 32.Re8+ Bf8 33.Rc8 Ra7 34.Rb8 b5 35.Bc8 b4
36.Kf1 a5 37.Bb7 a4 38.Bd5 Rd7 39.Bc6 Rd2 40.Bxa4 Rxa2 41.Bb3 Ra3 42.Bd5 Rd3
43.Rd8 Rc3 44.Rd7 Rc8 45.Rxf7 Kh8 46.Rb7 Rd8 47.Bb3 Bd6 48.h5 Rb8 49.Rd7 Be5
50.f4 Bf6 51.Ke2 Rc8 52.Kf3 h6 53.Rb7 Bc3 54.Bf7 Rd8 55.Ke4 Be1 56.g4 Bc3
57.Kf5 Bd2 58.g5 hxg5 59.fxg5 Ra8 60.Bd5 Rd8 61.Rb5 Kh7 62.Bf7 Bc3 63.Rb7 Rf8
64.Ke6 Bd2 65.Kf5 Bc3 66.Kg4 Bd2 67.Rb6 Bc3 68.Bg6+ Kg8 69.Bf5 Rd8 70.Be6+ Kh7
71.Rb7 Re8 72.Kf5 Rf8+ 73.Kg4 Re8 74.Kf5 Rf8+ 75.Kg4  1/2-1/2

[Event "Orlova Open 2012"]
[Site "Orlova CZE"]
[Date "2012.05.26"]
[Round "6.4"]
[White "Kolar,St"]
[Black "Velicka,P"]
[Result "1/2-1/2"]
[WhiteElo "2122"]
[BlackElo "2470"]

1.d4 Nf6 2.c4 e6 3.Nf3 b6 4.Nc3 Bb7 5.e3 Bb4 6.Bd2 O-O 7.Be2 c5 8.O-O cxd4
9.exd4 Be7 10.h3 d5 11.Be3 dxc4 12.Bxc4 Nd5 13.Nxd5 Bxd5 14.Bd3 Nd7 15.a3 a6
16.Rc1 b5 17.Bf4 Rc8 18.Rxc8 Qxc8 19.Qb1 Nf6 20.Rc1 Qa8 21.Ne1 Rc8 22.Rxc8+ Qxc8
23.Qc2 Qb7 24.Be5 g6 25.Bf1 Nd7 26.Nd3 Bc4 27.Bf4 Qe4 28.Be3 e5 29.b3 exd4
30.Bd2 Bxd3 31.Bxd3 Qe6 32.a4 bxa4 33.bxa4 Nc5 34.Bc4 Qf6 35.Bb4 d3 36.Bxd3 Nxd3
37.Bxe7 Qa1+ 38.Kh2 Qe5+ 39.g3 Qxe7 40.Qxd3 Qc5 41.Qf3 Qc4 42.Qa8+ Kg7 43.Qe8 Qd4
44.Kg2 Qd5+ 45.Kh2 h5 46.h4 Kf6 47.Kg1 Qc4 48.Kg2 Kf5 49.f3 Qe6 50.Qf8 Qe2+
51.Kg1 Kf6 52.Qd8+ Qe7 53.Qh8+ Kf5 54.Qc8+ Qe6 55.Qc2+ Kf6 56.Kf2 Qb6+ 57.Ke2 Qe6+
58.Kf2 Kg7 59.Qc3+ Kh7 60.Qd4 a5 61.Qb2 Qd5 62.Qc2 Qd4+ 63.Kg2 Kg7 64.Qc6 Qb2+
65.Kf1 Qd2 66.Qe4 Qd6 67.Kf2 Kf6 68.Qc4 Qb6+ 69.Ke2 Qb2+ 70.Kd3 Qb1+ 71.Ke2 Qf5
72.Ke3 Qe5+ 73.Kf2 Ke7 74.Qc6 Qd6 75.Qb7+ Kf6 76.Qe4 Qc5+ 77.Kg2 Kg7 78.Kf1 Kh7
79.Ke2 Qd6 80.Kf2 Qd2+ 81.Kf1 Qb2 82.Qe8 Qb1+ 83.Ke2 Qa2+ 84.Ke3 Qc4 85.Qb5 Qc3+
86.Ke2 Kg8 87.Qe8+ Kg7 88.Qb5 Kh7 89.Qe8 Qc7 90.Ke3 Kg7 91.Kf2 Qc5+ 92.Ke2 Qd6
93.Kf2 Qd2+ 94.Kf1 Qd5 95.Ke2 Kf6 96.Kf2 Qc5+ 97.Kf1 Qe5 98.Qc6+ Kg7 99.Kf2 Kg8
100.Qb5 Qc7 101.Qe8+ Kg7 102.Qe4 f6 103.Qe8 Qc5+ 104.Qe3 Qc2+ 105.Qe2 Qxa4
106.Qe7+ Kg8 107.Qe6+ Kg7 108.Qe7+ Kg8  1/2-1/2

[Event "31st OCF NAO FIDE Open"]
[Site "Stillwater USA"]
[Date "2012.05.26"]
[Round "2.5"]
[White "Niggel,C"]
[Black "Baumann,Glenn"]
[Result "1-0"]
[WhiteElo "2068"]
[BlackElo "1600"]

1.d4 Nf6 2.Nf3 e6 3.c4 b6 4.Nc3 Ba6 5.e3 d5 6.Ne5 dxc4 7.Bxc4 Bxc4 8.Nxc4 Nbd7
9.O-O Be7 10.Qe2 O-O 11.Rd1 Qc8 12.e4 Qa6 13.a4 Rac8 14.Bf4 c5 15.d5 exd5
16.exd5 Rfe8 17.Nb5 Bd6 18.Qf3 Bxf4 19.Qxf4 Re4 20.Qc1 Rd8 21.b3 Re7 22.Qf4 Nf8
23.Qf3 Qb7 24.d6 Qxf3 25.gxf3 Red7 26.a5 bxa5 27.Rxa5 Rb7 28.Nxa7 Rxb3 29.Nc6 Re8
30.N4e5 Rb7 31.Ne7+ Rbxe7 32.dxe7 Rxe7 33.Rxc5 g6 34.Ng4 Kg7 35.Rc6 Ne6 36.Ne3 Nf4
37.Kf1 Ne6 38.Ng4 Nh5 39.Rcd6 Rb7 40.Rd7 Rb3 41.Ne5 Nhf4 42.Rxf7+ Kh6 43.h4 g5
44.Ng4+ Kg6 45.Rf6+ Kg7 46.hxg5 Rxf3 47.Rd7+  1-0

[Event "31st OCF NAO FIDE Open"]
[Site "Stillwater USA"]
[Date "2012.05.26"]
[Round "3.11"]
[White "Kelly,Joey M"]
[Black "Simo,J"]
[Result "0-1"]
[WhiteElo "1799"]
[BlackElo "2011"]

1.d4 Nf6 2.c4 e6 3.Nf3 b6 4.Nc3 Bb7 5.e3 Be7 6.Bd3 d5 7.O-O O-O 8.Qe2 c5
9.Rd1 Nbd7 10.b3 Rc8 11.Bb2 Ne4 12.Rac1 Ndf6 13.cxd5 exd5 14.dxc5 Nxc3 15.Bxc3 bxc5
16.Bf5 Rc6 17.Qd2 Ra6 18.Bd3 Rc6 19.Ne5 Rd6 20.Ba5 Qc8 21.Bb4 Qe6 22.Bxc5 Qxe5
23.Bxd6 Bxd6 24.g3 d4 25.Re1 dxe3 26.Rxe3 Qd5 27.Kf1 Ng4 28.Re4 Nxh2+ 29.Kg2 Re8
30.f3 Rxe4 31.fxe4 Qh5 32.Qe2 Qg5 33.Qe1 Ng4 34.Qg1 Qd2+ 35.Kh3 Nf2+ 36.Kh2 Nxd3+
37.Qg2 Qxg2+ 38.Kxg2 Bxe4+ 39.Kf1 Nxc1 40.a4 Bxg3 41.b4 h5 42.b5 h4 43.a5 h3
44.Kg1 h2+ 45.Kf1 h1=Q+  0-1

[Event "Vlado Andriusaicio Rapid A 2012"]
[Site "Vilnius LTU"]
[Date "2012.05.26"]
[Round "4"]
[White "Kudzma,L"]
[Black "Labuckas,A"]
[Result "0-1"]
[WhiteElo "2152"]
[BlackElo "2312"]

1.d4 e6 2.c4 Nf6 3.Nf3 b6 4.Nc3 Bb4 5.Qc2 Bb7 6.a3 Bxc3+ 7.Qxc3 d6 8.e3 Nbd7
9.Be2 O-O 10.O-O Ne4 11.Qc2 f5 12.b4 Qe7 13.Bb2 Rae8 14.Ne1 Qg5 15.Bf3 Ndf6
16.Nd3 Ba8 17.Nf4 Qh6 18.d5 Ng5 19.Be2 e5 20.Nd3 Ng4 21.Bxg4 fxg4 22.Qe2 Nf3+  0-1

[Event "26th Pula Open"]
[Site "Pula CRO"]
[Date "2012.06.10"]
[Round "2.28"]
[White "Takac,Z"]
[Black "Brinck Claussen,B"]
[Result "1/2-1/2"]
[WhiteElo "2094"]
[BlackElo "2286"]

1.d4 Nf6 2.Nf3 e6 3.c4 b6 4.Nc3 Bb4 5.Bd2 Bb7 6.e3 O-O 7.Bd3 d5 8.cxd5 exd5
9.O-O Nbd7 10.Rc1 a6 11.a3 Bd6 12.Ne2 Ne4 13.Ng3 f5 14.Qb3 Kh8 15.Bb4 c5
16.dxc5 bxc5 17.Be1 Rb8 18.Qc2 Qe7 19.Bc3 Rbc8 20.Qe2 Rc6 21.Rfd1 f4 22.Bxe4 fxg3
23.Bxd5 gxf2+ 24.Qxf2 Rb6 25.Bxb7 Rxb7 26.Qd2 Rb6 27.Rf1 Re8 28.Rce1 Ne5
29.Nxe5 Bxe5 30.Rf5 Rd6 31.Qc2 Re6 32.Bxe5 Rxe5 33.Rxe5 Qxe5 34.e4 h6 35.Qc3 Qxc3
36.bxc3 Kg8 37.Kf2 Rb8 38.Ke3 Rb3 39.Kd3 Rxa3 40.Kc4 Kf7 41.Re3 Ke6 42.Kxc5 Ra2
43.g3 Rxh2 44.Kb6 h5 45.c4 Ke5 46.c5 Rb2+ 47.Kc6 Kd4 48.Ra3 Kxe4 49.Rxa6 Rb3
50.Kc7 Rxg3 51.c6 g5 52.Kb7 Rc3 53.c7 Rxc7+ 54.Kxc7 g4 55.Kd6 g3 56.Ra4+ Kf3
57.Ra3+ Kf4 58.Ra4+  1/2-1/2

[Event "15th Heraklion Open"]
[Site "Athens GRE"]
[Date "2012.06.11"]
[Round "3.7"]
[White "Koliopoulos,K"]
[Black "Paouris,N"]
[Result "1-0"]
[WhiteElo "2237"]
[BlackElo "1980"]

1.d4 Nf6 2.c4 e6 3.Nf3 b6 4.Nc3 Bb4 5.Bg5 h6 6.Bh4 Bb7 7.e3 c5 8.Bd3 d6 9.Qa4+ Qd7
10.Qc2 g5 11.Bg3 Nh5 12.O-O-O Nxg3 13.hxg3 Nc6 14.d5 Ne5 15.Nxe5 dxe5 16.dxe6 Qxe6
17.Nb5 Qe7 18.Be4 O-O 19.Rxh6 Bxe4 20.Qxe4 f5 21.Qd5+ Kg7 22.Re6  1-0

[Event "5th Mayors Cup 2012"]
[Site "Mumbai IND"]
[Date "2012.06.12"]
[Round "8.14"]
[White "Ashwath,R"]
[Black "Podolchenko,E"]
[Result "1/2-1/2"]
[WhiteElo "2265"]
[BlackElo "2464"]

1.d4 Nf6 2.c4 e6 3.Nf3 b6 4.Nc3 Bb7 5.Bg5 Be7 6.Qc2 h6 7.Bh4 d5 8.e3 O-O
9.cxd5 exd5 10.Bd3 Nbd7 11.O-O c5 12.Rfe1 Re8 13.dxc5 bxc5 14.Rad1 Qb6 15.Bf5 Rad8
16.e4 dxe4 17.Nxe4 Nxe4 18.Bxe7 Rxe7 19.Bxe4 Bxe4 20.Rxe4 Rxe4 21.Qxe4 Nf6
22.Rxd8+ Qxd8 23.Qe2 Qd5 24.b3 Ne4 25.h3 g5 26.Qc4 Qd1+ 27.Kh2 Qd6+ 28.Kg1 Qf4
29.b4 cxb4 30.Qxb4 h5 31.Qd4 g4 32.hxg4 hxg4 33.Nd2 g3 34.fxg3 Qxd2 35.Qxe4 Qxa2
36.Qd4 Qb1+ 37.Kh2 Qb6 38.Qe4 Qc5 39.g4 a5 40.Qf4 Kg7 41.g5 Qc3 42.Qd6 a4
43.Qh6+ Kg8 44.g6 Qc7+ 45.Kh1 f6 46.Qh4 Qa7 47.Qxf6 a3 48.g7 Qxg7 49.Qd8+ Qf8
50.Qd5+ Kh8 51.Qh5+ Kg7 52.Qg5+ Kh7 53.Qd5 Qh6+ 54.Kg1 Qe3+ 55.Kh1 Kg7 56.Qd7+ Kf6
57.Qd6+ Kf5 58.Qf8+ Kg4 59.Qg8+ Kh4 60.Kh2 Kh5 61.g3 Qe2+ 62.Kh3 Qf1+ 63.Kh2 Qe2+
64.Kh3 a2 65.g4+ Kh6 66.Qf8+ Kg6 67.Qg8+ Kf6 68.Qf8+ Kg5 69.Qf5+ Kh6 70.Qf6+  1/2-1/2

[Event "Baltija WGM Cup 2012"]
[Site "Palanga LTU"]
[Date "2012.06.18"]
[Round "2.3"]
[White "Vanagaite,G"]
[Black "Rogule,L"]
[Result "0-1"]
[WhiteElo "1972"]
[BlackElo "2317"]

1.d4 Nf6 2.c4 e6 3.Nf3 b6 4.Nc3 Bb7 5.Bg5 h6 6.Bh4 Be7 7.e3 O-O 8.Bd3 d5
9.cxd5 Nxd5 10.Bxe7 Qxe7 11.O-O Nxc3 12.bxc3 Nd7 13.Rc1 Rfd8 14.Qb3 Nc5 15.Qc2 Nxd3
16.Qxd3 Bxf3 17.gxf3 Rd5 18.Kh1 Rad8 19.Rg1 Rg5 20.Rxg5 Qxg5 21.Qe4 Rd5 22.Rb1 Ra5
23.Qa8+ Kh7 24.Qe4+ g6 25.Rb2 Qh5 26.Qg4 Qd5 27.Qf4 Kg7 28.Kg2 Qc4 29.Rc2 Rg5+
30.Kh3 Qf1+  0-1

[Event "Teplice Open 2012"]
[Site "Teplice CZE"]
[Date "2012.06.19"]
[Round "4.24"]
[White "Tejkal,J"]
[Black "Horak,Ji1"]
[Result "1/2-1/2"]
[WhiteElo "1909"]
[BlackElo "2185"]

1.d4 Nf6 2.Nf3 e6 3.c4 b6 4.Nc3 Bb7 5.Bg5 h6 6.Bh4 Bb4 7.e3 c5 8.Be2 O-O
9.Qc2 cxd4 10.exd4 d5 11.cxd5 Bxd5 12.a3 Be7 13.Nxd5 Nxd5 14.Bg3 Qc8 15.Rc1 Nd7
16.O-O Qxc2 17.Rxc2 a6 18.Rfc1 b5 19.Rc6 N7b6 20.Ne5 Bf6 21.h3 Rfc8 22.Rxc8+ Rxc8
23.Rxc8+ Nxc8 24.a4 bxa4 25.Bxa6 Ncb6 26.Nc6 Ne7 27.Nxe7+ Bxe7 28.Kf1 Bb4
29.Bd3 a3 30.bxa3 Bxa3 31.f3 Bb2 32.Bf2 Kf8 33.Ke2 Ke7 34.Bc2 Nd5 35.Bg3 Bxd4
36.f4 g6 37.Kf3 Bc5 38.Bh4+ Kf8 39.Be1 Bd6 40.Bd2 Bb4 41.Bc1 Ke7 42.Bb3 Bc3
43.Ke4 Kd6 44.Ba3+ Bb4 45.Bb2 Nb6 46.Be5+ Ke7 47.Bg7 Nd7 48.Bd4 Bc5 49.Bb2 Bd6
50.Bd4 f6 51.Be3 g5 52.g3 Bc5 53.Bc1 f5+ 54.Kf3 Kf6 55.Bb2+ Kf7 56.Bc1 Be7
57.Be3 Nf8 58.Bc1 Ng6 59.Bd2 gxf4 60.gxf4 Bd6 61.Bc1 Kf6 62.Bb2+ e5 63.fxe5+ Bxe5
64.Bc1 h5 65.Bd2 Nh4+ 66.Kf2 f4 67.Bc2 Bd4+ 68.Kf1 Ke5 69.Ba5 Be3 70.Bc7+ Kd4
71.Bd1 Nf5 72.Bf3 Kd3 73.Bc6 Ng3+ 74.Kg2 Nf5 75.Bb5+ Ke4 76.Bc6+  1/2-1/2

[Event "Mukachevo Summer Open"]
[Site "Mukachevo UKR"]
[Date "2012.06.28"]
[Round "4.3"]
[White "Sivuk,V"]
[Black "Ovsejevitsch,S"]
[Result "1-0"]
[WhiteElo "2454"]
[BlackElo "2572"]

1.d4 Nf6 2.c4 e6 3.Nf3 b6 4.Nc3 Bb7 5.Bg5 h6 6.Bh4 Be7 7.Qc2 c5 8.dxc5 bxc5
9.e3 O-O 10.Be2 d6 11.O-O Nbd7 12.Rfd1 Qb6 13.Rd2 Rfd8 14.Rad1 a6 15.h3 Nf8
16.Bd3 Qc7 17.Bg3 Nh5 18.Bh2 Bxf3 19.gxf3 f5 20.Bxf5 exf5 21.Nd5 Qb7 22.Qxf5 Nf6
23.Nxe7+ Qxe7 24.Rxd6 Rxd6 25.Rxd6 N8d7 26.e4 Re8 27.Rxa6 Nf8 28.b3 Ne6 29.Be5 Nh7
30.f4 Nhf8 31.Rd6 Nd7 32.Rd5 Ndf8 33.Qg4 Nd4 34.Kg2 Nfe6 35.h4 Nc6 36.Bd6 Qf6
37.f5 Ned4 38.Bxc5 Ne5 39.Qh5 g6 40.Qxh6 Nxf5 41.exf5 Qxf5 42.Qe3 Qg4+ 43.Qg3 Qe4+
44.f3 Qc2+ 45.Bf2 Qe2 46.Rd4  1-0

[Event "Int Open ch-SVK 2012"]
[Site "Banska Stiavnica SVK"]
[Date "2012.07.07"]
[Round "1.2"]
[White "Markos,J"]
[Black "Mrva,V"]
[Result "1-0"]
[WhiteElo "2540"]
[BlackElo "2140"]

1.d4 Nf6 2.Nf3 e6 3.c4 b6 4.Nc3 Bb7 5.a3 d5 6.cxd5 exd5 7.Bg5 Be7 8.Bxf6 Bxf6
9.Qb3 g6 10.Rd1 O-O 11.g3 Re8 12.Bg2 c6 13.O-O Bc8 14.Rfe1 Be6 15.Qa4 b5
16.Qc2 Bf5 17.e4 dxe4 18.Nxe4 Be7 19.Ne5 Qb6 20.Qc1 Be6 21.Qf4 Qd8 22.Nc5 Bxc5
23.dxc5 Qe7 24.Nxc6 Nxc6 25.Bxc6 Qxc5 26.Bxa8 Rxa8 27.Qd6 Qc4 28.Rd4 Qc8
29.Red1 h6 30.Qe7 Kh7 31.Qf6 Qc2 32.R4d2 Qe4 33.h4 Rg8 34.Kh2 Bb3 35.Rd8 Bxd1
36.Qxf7+ Rg7 37.Qf8 g5 38.Qh8+ Kg6 39.Rd6+ Kf7 40.Rd7+  1-0

[Event "22nd Gorges Open"]
[Site "Gorges FRA"]
[Date "2012.07.12"]
[Round "6.5"]
[White "Poulain,Y"]
[Black "Templier,B"]
[Result "1-0"]
[WhiteElo "1809"]
[BlackElo "1687"]

1.d4 e6 2.c4 Nf6 3.Nf3 b6 4.Nc3 Bb4 5.g3 Bb7 6.Bg2 O-O 7.O-O Bxc3 8.bxc3 d6
9.Nh4 Bxg2 10.Nxg2 Nbd7 11.Qd3 Qc8 12.e4 e5 13.f4 exf4 14.Bxf4 Re8 15.Rae1 Qa6
16.Rf2 Rac8 17.h3 Re6 18.Bg5 Rce8 19.Rfe2 Qa5 20.Bxf6 gxf6 21.Nf4 Qg5 22.Nxe6 fxe6
23.Qe3 Qg6 24.Qf4 Kf7 25.e5 dxe5 26.dxe5 f5 27.Kh2 Ke7 28.Qh4+ Kf7 29.Rf1 Kg7
30.Rf4 Kh8 31.Rd4 Nc5 32.Rd8 Ne4 33.Rxe8+ Qxe8 34.g4 Qg8 35.gxf5 exf5 36.Rg2 Qe8
37.Qf4 Qe6 38.Kh1 Qd7 39.Qf1 Qe6 40.Qd1 Qe7 41.Qd5 Qf8 42.e6  1-0

[Event "Turkish Bank Chess League 2012"]
[Site "Konya TUR"]
[Date "2012.07.13"]
[Round "3"]
[White "Cetinkaya,V"]
[Black "Ertan,C"]
[Result "0-1"]
[WhiteElo "2040"]
[BlackElo "2256"]

1.d4 Nf6 2.Nf3 e6 3.c4 b6 4.Nc3 Bb7 5.e3 d5 6.Bd3 Nbd7 7.O-O Be7 8.Qe2 Ne4
9.Nd2 Ndf6 10.f3 Nxd2 11.Bxd2 O-O 12.Rad1 c5 13.cxd5 cxd4 14.exd4 Nxd5 15.Kh1 Rc8
16.Rfe1 Bg5 17.Ne4 Bf4 18.Bb1 Qc7 19.Qd3 g6 20.Bxf4 Qxf4 21.g3 Qc7 22.Kg2 Rfd8
23.h4 e5 24.Qd2 exd4 25.Qh6 Qe5 26.Nc5 Ne3+ 27.Rxe3 dxe3 28.Nd3 Rxd3 29.Bxd3 Qxb2+  0-1

[Event "ch-SUI Hauptturnier 1 2012"]
[Site "Flims SUI"]
[Date "2012.07.14"]
[Round "3"]
[White "Huss,A"]
[Black "Meylan,A"]
[Result "1/2-1/2"]
[WhiteElo "2319"]
[BlackElo "2061"]

1.d4 e6 2.c4 Nf6 3.Nf3 b6 4.Nc3 Bb7 5.a3 d5 6.Bg5 Be7 7.Bxf6 Bxf6 8.cxd5 exd5
9.e3 O-O 10.Be2 c5 11.O-O Nd7 12.Rc1 a6 13.dxc5 Nxc5 14.Rc2 Rc8 15.Nd4 Rc7
16.Bg4 g6 17.Rd2 Qe7 18.Nde2 Ne4 19.Nxe4 dxe4 20.Qb3 b5 21.Rfd1 Bc8 22.Bxc8 Rfxc8
23.a4 Qe8 24.axb5 Qxb5 25.Qxb5 axb5 26.b3 Be5 27.Rd8+ Kg7 28.Rxc8 Rxc8 29.Rd5 Kf6
30.Rxb5 Rc2 31.Kf1 Rb2 32.g4 Ke6 33.g5 f6 34.gxf6 Kxf6 35.Ng3 Bxg3 36.hxg3 h5
37.Kg2 g5 38.g4 h4 39.Rb6+ Kf7 40.Rb4 Kf6 41.Rb6+ Kf7 42.Rb4 Kf6 43.Rxe4 Rxb3
44.Rc4 Rb2 45.Rc6+ Kg7 46.Rc5 Kg6 47.Rf5 Ra2 48.Kh3 Ra3 49.Kh2 Ra2 50.Kg1 Ra1+
51.Kg2 Ra2 52.Kf3 Rb2 53.Rd5 Ra2 54.Rd6+ Kg7 55.Rd1 Kg6 56.Rd6+ Kg7 57.Rd1 Kg6
58.Kg2 Rb2 59.Kf3 Ra2 60.Re1 Rb2 61.Re2 Rb1 62.Kg2 Rb3 63.f3 Ra3 64.Kf2 Ra4
65.Rd2 Rb4 66.Rd6+ Kg7 67.Rd5 Kg6 68.Kg2 Rb2+ 69.Kh3 Rf2 70.Rf5 Re2 71.e4 Rf2
72.e5 Re2 73.Rf6+ Kg7  1/2-1/2